000 00387nam a2200145Ia 4500
008 191201s2009 xx 000 0 und d
082 _a620.0042
_bCOK
100 _aKRISHNAMURTHY,C.S
245 0 _aComputer Aided Design Software and Analytical Tools
250 _aRep
260 _aN. Delhi
_bNarosa Publication House
_c2009
300 _a374
650 _aM.Tech (ME)
942 _2ddc
_cBK
999 _c5043
_d5043